Na muške /
Bývalý agent CIA Court Gentry známy ako Sivý muž sa živí ako nájomný vrah pracujúci pre klientov, ktorým nemôže dôverovať. Ruský obchodník so zbraňami Sidorenko chce, aby Court zabil sudánskeho prezidenta Abbouda, ktorý je zodpovedný za genocídu v Dárfúre. CIA mu predloží protinávrh: uniesť sudánske...
Uloženo v:
| Série: | Sivý muž,
část 2 |
|---|---|
| Hlavní autor: | |
| Médium: | E-kniha |
| Jazyk: | Czech |
| Vydáno: |
Praha :
Albatros Media Slovakia s.r.o.,
2025
|
| Příbuzné jednotky: | Z cyklu::
Sivý muž |
| Tagy: |
Žádné tagy |
| LEADER | 01587nam a22002417i 4500 | ||
|---|---|---|---|
| 001 | 303230 | ||
| 007 | ta | ||
| 008 | 260518s2025 xr ||||| |||| 00| 0 cze d | ||
| 020 | |a 9788056646052 | ||
| 044 | |a xr | ||
| 100 | 1 | |a Greaney, Mark |4 aut | |
| 245 | 1 | 0 | |a Na muške / |c Greaney, Mark |
| 240 | 1 | 0 | |a On Target |
| 264 | 1 | |a Praha : |b Albatros Media Slovakia s.r.o., |c 2025 | |
| 300 | |a 1 online zdroj (432 stran) | ||
| 336 | |a text |b txt |2 rdacontent | ||
| 337 | |a bez média |b n |2 rdamedia | ||
| 338 | |a online zdroj |b cr |2 rdacarrier | ||
| 520 | 2 | |a Bývalý agent CIA Court Gentry známy ako Sivý muž sa živí ako nájomný vrah pracujúci pre klientov, ktorým nemôže dôverovať. Ruský obchodník so zbraňami Sidorenko chce, aby Court zabil sudánskeho prezidenta Abbouda, ktorý je zodpovedný za genocídu v Dárfúre. CIA mu predloží protinávrh: uniesť sudánskeho prezidenta a odovzdať ho americkým úradníkom, za čo zrušia medzinárodný zatykač na Courta. Court nemôže odmietnuť možnosť postaviť prezidenta pred medzinárodný súd, a tak sa začína jeho putovanie po Sudáne... | |
| 787 | 0 | 8 | |g 2 |i Z cyklu: |t Sivý muž |
| 910 | |a RBIT002 | ||
| 998 | |d 426921 |a https://core.palmknihy.cz/api/books/426921/cover?tesghn |b https://core.palmknihy.cz/api/books/426921/cover/400?tesghn |c https://core.palmknihy.cz/api/books/426921/cover/50?tesghn |e 2029-07-11 |g 432 |i 9788056646052 |j https://core.palmknihy.cz/api/books/426921/preview.epub |k https://core.palmknihy.cz/api/books/426921/preview.pdf |l |q 49 |r 1 |s https://www.palmknihy.cz/kniha/426921 |t ebook |y 2025 |z 1 |v Sivý muž |w 2 | ||
| 999 | |d 303228 | ||